| 000 | 01236cam a22003375a 4500 | ||
|---|---|---|---|
| 999 |
_c27237 _d27208 |
||
| 001 | 016519660 | ||
| 003 | EG-ScBUE | ||
| 005 | 20190314144957.0 | ||
| 008 | 130911t2014 si a frb 001 0 eng d | ||
| 015 |
_aGBB394146 _2bnb |
||
| 016 | 7 |
_a016519660 _2Uk |
|
| 020 | _a9789810694067 (paperback) | ||
| 035 | _a(UkOxU)019570881 | ||
| 040 |
_aUkOxU _beng _cUkOxU _dUk _dEG-ScBUE |
||
| 082 | 0 | 4 |
_a670.42 _bKAL _222 |
| 100 | 1 | 0 |
_aKalpakjian, Serope, _d1928- |
| 245 | 1 | 0 |
_aManufacturing engineering and technology / _cSerope Kalpakjian, Steven R. Schmid. ; SI edition contributions by K. S. Vijay Sekar. |
| 250 | _a7th ed. in SI units. | ||
| 260 |
_aSingapore ; _bPearson Education South Asia Pte. Ltd., _cc.2014. |
||
| 300 |
_axxviii, 1180 p. : _bill. ; _c26 cm. |
||
| 504 | _aIncludes bibliographical references and index. | ||
| 650 | 7 |
_aManufacturing processes. _2BUEsh |
|
| 650 | 7 |
_aProduction engineering. _2BUEsh |
|
| 651 | _2BUEsh | ||
| 653 |
_bENGGEN _cMarch2019 |
||
| 655 | _vReading book | ||
| 700 | 1 |
_aSchmid, Steven R., _99175 |
|
| 700 | 1 |
_aSekar, K. S. Vijay, _ewriter of supplementary textual content. |
|
| 856 | 4 | 2 |
_3Access video solutions _uhttp://media.pearsoncmg.com/intl/asia/kalpakjian_bridging_page/ |
| 942 | _2ddc | ||